| 000 | 00613nam a2200205 a 4500 | ||
|---|---|---|---|
| 001 | 000908023 | ||
| 003 | AM-YeHGA | ||
| 005 | 20250617163142.0 | ||
| 008 | 120725s1960 ru r 000 0 rus d | ||
| 040 | _aAM-YeHGA | ||
| 041 | 0 | _arus | |
| 100 | 1 | _aФедотов, Василий Сергеевич | |
| 245 | 1 | 0 |
_aГорох / _cВ.С. Федотов. |
| 260 |
_aМосква : _bСельхозгиз, _c1960. |
||
| 300 |
_a258 с. : _bрис., табл. ; _c20 см. |
||
| 504 | _aБиблиогр. : с. 255-258 | ||
| 650 | 1 | 4 | _aБахчевые культуры |
| 650 | 1 | 4 | _aГорох |
| 090 | _c505116 | ||
| 999 |
_c501701 _d501701 |
||